UEFA Conference League Winners/Runners-up - Statistics

General Stats
  • This quiz has been taken 49 times
    12 since last reset
  • The average score is 6 of 7
Answer Stats
Year Answer % Correct
2025 Chelsea
100%
Fiorentina
100%
2024 Olympiacos
100%
2023 West Ham
100%
2022 AS Roma
82%
Real Betis
82%
Feyenoord
73%
No matching quizzes found
Score Distribution
Percent of People with Each Score
Percentile by Number Answered
Your Score History
You have not taken this quiz since the last reset